[Event "Oberliga NRW 9900 I"]
[Site "Germany"]
[Date "2000.04.21"]
[Round "8.6"]
[White "Radke, Rolf"]
[Black "Bender, Udo"]
[Result "1-0"]
[WhiteElo "2090"]
[BlackElo "2005"]
[PlyCount "65"]
[EventDate "1999.10.26"]
[EventType "team"]
[EventRounds "9"]
[EventCountry "GER"]
[SourceTitle "EXT 2001"]
[Source "ChessBase"]
[SourceDate "2000.11.22"]
[SourceVersion "1"]
[SourceVersionDate "2000.11.22"]
[SourceQuality "1"]
[WhiteTeam "Neuenkirchen"]
[BlackTeam "Betzdorf Kirchen"]
[WhiteTeamCountry "GER"]
[BlackTeamCountry "GER"]

1. d4 Nf6 2. c4 g6 3. Nc3 Bg7 4. e4 d6 5. f3 0-0 6. Be3 e5 7. Nge2 c6 8. Qd2 Nbd7 9. 0-0-0 a6 10. Bh6 b5 11. h4 Nb6 12. Ng3 exd4 13. Bxg7 Kxg7 14. Qxd4 b4 15. Nce2 c5 16. Qd3 Be6 17. b3 Nfd7 18. f4 Qf6 19. Kc2 a5 20. Qxd6 a4 21. e5 axb3+ 22. axb3 Qd8 23. Nc1 Nc8 24. Qc6 Ne7 25. Qf3 Qa5 26. Be2 Qa1 27. Kd2 Nb6 28. Ke1 Rfd8 29. Kf2 Nf5 30. Nxf5+ Bxf5 31. h5 Bc2 32. hxg6 fxg6 33. Qb7+ 1-0

[Event "Oberliga NRW 9900 I"]
[Site "Germany"]
[Date "2000.02.09"]
[Round "5.5"]
[White "Bender, Udo"]
[Black "Reinke, Markus"]
[Result "0-1"]
[WhiteElo "2005"]
[BlackElo "2210"]
[PlyCount "32"]
[EventDate "1999.10.26"]
[EventType "team"]
[EventRounds "9"]
[EventCountry "GER"]
[SourceTitle "EXT 2001"]
[Source "ChessBase"]
[SourceDate "2000.11.22"]
[SourceVersion "1"]
[SourceVersionDate "2000.11.22"]
[SourceQuality "1"]
[WhiteTeam "Betzdorf Kirchen"]
[BlackTeam "Duesseldorf"]
[WhiteTeamCountry "GER"]
[BlackTeamCountry "GER"]

1. d4 Nf6 2. Bg5 d5 3. e3 Ne4 4. h4 c5 5. Nd2 Qb6 6. Nxe4 dxe4 7. dxc5 Qxb2 8. Qd4 Qa3 9. Bb5+ Bd7 10. Bxd7+ Nxd7 11. Rd1 Qa5+ 12. c3 Nxc5 13. Ne2 f6 14. Bf4 e5 15. Bxe5 Nd3+ 16. Kf1 Qxe5 0-1